<?xml version="1.0" encoding="UTF-8"?>
<collection xmlns="http://www.loc.gov/MARC21/slim">
 <record>
  <leader>     na                 </leader>
  <controlfield tag="001">INLIS000000000019509</controlfield>
  <controlfield tag="005">20251106034107</controlfield>
  <datafield tag="035" ind1=" " ind2=" ">
   <subfield code="a">0010-0123000392</subfield>
  </datafield>
  <controlfield tag="007">ta</controlfield>
  <controlfield tag="008">251106                g          0 ind  </controlfield>
  <datafield tag="020" ind1=" " ind2=" ">
   <subfield code="a">978-602-60636-8-7</subfield>
  </datafield>
  <datafield tag="082" ind1=" " ind2=" ">
   <subfield code="a">R.792.598 18</subfield>
  </datafield>
  <datafield tag="084" ind1=" " ind2=" ">
   <subfield code="a">R.792.598 18 HID p</subfield>
  </datafield>
  <datafield tag="100" ind1="1" ind2=" ">
   <subfield code="a">Hidayatullah, Riyan</subfield>
   <subfield code="e">Pengarang</subfield>
  </datafield>
  <datafield tag="245" ind1="1" ind2=" ">
   <subfield code="a">Pengantar Seni Pertunjukan Lampung</subfield>
  </datafield>
  <datafield tag="250" ind1=" " ind2=" ">
   <subfield code="a">I</subfield>
  </datafield>
  <datafield tag="300" ind1=" " ind2=" ">
   <subfield code="a">xii + 102 halaman :</subfield>
   <subfield code="b">Ilustrasi ;</subfield>
   <subfield code="c">24</subfield>
  </datafield>
  <datafield tag="650" ind1=" " ind2="4">
   <subfield code="a">Seni pertunjukan</subfield>
  </datafield>
  <datafield tag="520" ind1=" " ind2=" ">
   <subfield code="a">PENGANTAR SENI PERTUNJUKAN LAMPUNG&#13;
&#13;
Seni pertunjukan merupakan perpaduan aktivitas seni yang berhubungan dengan teknik pembuatan, pengolahan dan penampilan karya seni secara utuh. Proses mempertunjukkan seni merupakan proses yang panjang dan memerlukan persiapan yang tidak sederhana. Sebelum memulai untuk membuat sebuah pertunjukan seni perlu adanya pengalaman estetis. Pengalaman estetis berkenaan dengan wacana apresiasi seni, bagaimana seni itu dimengerti dan dihargai sebagai sebuah karya monumental. Banyak orang lebih menghargai karya seni dan pertunjukan seni tidak hanya sebatas pelengkap dalam sebuah acara, tetapi seni pertunjukan perlu dihargai dan dipelajari. Setelah mengerti apa itu seni pertunjukan dan mampu mengapresiasi sebuah pertunjukan, maka seni dapat dilestarikan tanpa ada hambatan secara internal. Banyak hal-hal teknis yang perlu diketahui menganai seni, seperti 1) apa pengertian seni pertunjukan: 2) bagaimana pembagian ruang lingkup seni; 3) apa saja yang termasuk dalam jenis seni pertunjukan; dan 4) bagaimana mengatur sebuah seni pertunjukan. Elemen tersebut merupakan hal-hal pokok yang menjadi prasyarat memahami sebuah seni pertunjukan.&#13;
&#13;
Lampung, merupakan sebuah Provinsi yang cukup luas dan memiliki banyak kesenian. Mulai dari tari, musik, teater, sastra lisan, dan seni rupa. Sebagai sebuah upaya pelestarian seni, inventarisasi berbagai seni pertunjukan merupakan langkah awal untuk merekam sejarah melalui tulisan. Dalam buku ini, kesenian Lampung dipaparkan menggunakan pendekatan sejarah, analisis dan kajian pustaka. Dengan beberapa pendekatan tersebut, perspektif yang dibangun tidak melalui satu arah.</subfield>
  </datafield>
  <datafield tag="264" ind1=" " ind2=" ">
   <subfield code="a">Yogyakarta :</subfield>
   <subfield code="b">Arttek,</subfield>
   <subfield code="c">2017</subfield>
  </datafield>
  <datafield tag="336" ind1=" " ind2=" ">
   <subfield code="2">rdacontent</subfield>
   <subfield code="a">teks</subfield>
  </datafield>
  <datafield tag="337" ind1=" " ind2=" ">
   <subfield code="2">rdamedia</subfield>
   <subfield code="a">tanpa pelantara</subfield>
  </datafield>
  <datafield tag="338" ind1=" " ind2=" ">
   <subfield code="2">rdacarrier</subfield>
   <subfield code="a">lembar</subfield>
  </datafield>
  <datafield tag="990" ind1=" " ind2=" ">
   <subfield code="a">069178</subfield>
  </datafield>
  <datafield tag="990" ind1=" " ind2=" ">
   <subfield code="a">069179</subfield>
  </datafield>
  <datafield tag="990" ind1=" " ind2=" ">
   <subfield code="a">069180</subfield>
  </datafield>
  <datafield tag="990" ind1=" " ind2=" ">
   <subfield code="a">069024</subfield>
  </datafield>
  <datafield tag="990" ind1=" " ind2=" ">
   <subfield code="a">069022</subfield>
  </datafield>
  <datafield tag="990" ind1=" " ind2=" ">
   <subfield code="a">069023</subfield>
  </datafield>
 </record>
</collection>
